000 01486 a2200241 4500
001 60686
005 20260407155858.0
008 260407a2010 arg spa d
003 AR-UNSa-BCEJYS
040 _aAR-UNSa-BCEJYS
_bspa
_cAR-UNSa-BCEJYS
080 _a316.35
_xGrupos sociales. Organizaciones sociales
245 1 0 _aDonde hay una necesidad, nace una organización
_pSurgimiento y transformaciones de las asociaciones populares urbanas
020 _a978-987-1599-36-3
264 1 _aBuenos Aires :
_bEdiciones CICCUS
_c2010
300 _a269 p.
_c22 cm.
505 _a1. De la periferia al centro: La organización social en las comunidades suburbanas / Javier Bráncoli - 2. Las organizaciones territoriales y el proceso histórico de urbanización e industrialización en el área metropolitana / Maria José Espagnol y Andrea Echevearria – 3. Origen y conformación de las organizaciones comunitarias de base territorial / Bárbara Ohanin, Lucrecia D´Amato, Javier Bráncoli, Paola Lavandera y Carolina Maglioni – 4. Caracterización de las organizaciones / Paola Lavandera y Carolina Maglioni – 5. Las organizaciones Comunitarias y su vínculo con el Estado / Melina Mezzini, Bárbara Labecki y Javier Bráncoli
041 _aspa
942 _cBK
590 _aniveau_biblio:m niveau_hierar:0
100 1 _aBráncoli, Javier
700 1 _aVallone, Miguel
856 4 1 _uhttps://www.biblioeco.unsa.edu.ar/pmb/images/libros/L129310.jpg
_yImagen de portada
_qimage/jpeg
999 _c7115
_d7115